000 00321nam a22001217a 4500
008 180606b xxu||||| |||| 00| 0 eng d
041 _aeng
080 _a043.3
100 _a0
101 _aMBE-BTH
245 _aInvestimet e huaja, vlerësimi i riskut, dhe lëkundjet e kursit të këmbimit
_cXharra,R
942 _2udc
_cBK
999 _c46382
_d46382